Men's Olympic Basketball Scoring Leaders - Statistics

General Stats
  • This quiz has been taken 7 times
  • The average score is 4 of 11
Answer Stats
Points Country Answer % Correct
518 United States Kevin Durant
86%
649 Spain Pau Gasol
71%
523 Argentina Manu Ginobili
57%
591 Argentina Luis Scola
43%
461 Yugoslavia/Croatia Drazen Petrovic
29%
1093 Brazil Oscar Schmidt
29%
567 Australia Patty Mills
29%
789 Australia Andrew Gaze
14%
475 Soviet Union Sergey Belov
14%
461 Yugoslavia Drazen Dalipagic
0%
534 Brazil Wlamir Marques
0%
No matching quizzes found
Score Distribution
Percent of People with Each Score
Percentile by Number Answered
Your Score History
You have not taken this quiz